El escultor Victorio Macho (Record no. 85854)
[ view plain ]
| 000 -LEADER | |
|---|---|
| campo de control de longitud fija | 00612nam a22001817a 4500 |
| 001 - NÚMERO DE CONTROL | |
| campo de control | 85854 |
| 005 - FECHA Y HORA DE LA ÚLTIMA TRANSACCIÓN | |
| campo de control | 20260429155442.0 |
| 008 - DATOS DE LONGITUD FIJA--INFORMACIÓN GENERAL | |
| campo de control de longitud fija | 260429n sp ||||| |||| 00| 0 spa d |
| 040 ## - FUENTE DE CATALOGACIÓN | |
| Centro catalogador/agencia de origen | M-RABA |
| Lengua de catalogación | spa |
| Centro/agencia transcriptor | M-RABA |
| 245 03 - MENCIÓN DEL TÍTULO | |
| Título | El escultor Victorio Macho |
| Resto del título | : Monumentos de España y América |
| Mención de responsabilidad, etc. | / Real Fundación de Toledo |
| 260 ## - PUBLICACIÓN, DISTRIBUCIÓN, ETC. | |
| Lugar de publicación, distribución, etc. | [Toledo] |
| Nombre del editor, distribuidor, etc. | : Real Fundación de Toledo |
| Fecha de publicación, distribución, etc. | , s. a. |
| 300 ## - DESCRIPCIÓN FÍSICA | |
| Extensión | [4] p. (sin numerar) |
| Otras características físicas | : il. b. y n. |
| Dimensiones | ; 30 cm |
| 600 17 - PUNTO DE ACCESO ADICIONAL DE MATERIA--NOMBRE DE PERSONA | |
| Nombre de persona | Macho, Victorio ( |
| Fechas asociadas al nombre | 1887-1966) |
| 9 (RLIN) | 29783 |
| 655 #4 - TERMINO DE INDIZACIÓN--GENERO/FORMA | |
| Datos o término principal de género/forma | Folletos |
| 9 (RLIN) | 61837 |
| 710 2# - ENTRADA AGREGADA--NOMBRE DE ENTIDAD CORPORATIVA | |
| Nombre de entidad corporativa o nombre de jurisdicción como elemento de entrada | Real Fundación de Toledo |
| 9 (RLIN) | 4091 |
| 852 ## - LOCALIZACIÓN | |
| Número de control de estantería | F-16123 |
| 942 ## - ELEMENTOS DE ENTRADA SECUNDARIOS (KOHA) | |
| Tipo de ítem Koha | Fondo moderno |
| Suprimir en OPAC | No |
| Estatus retirado | Estado de pérdida | Fuente de la clasificación o esquema de estantería | Estado de daño | No para préstamo | Biblioteca de origen | Biblioteca actual | Ubicación en estantería | Fecha de adquisición | Número de inventario | Total de préstamos | Signatura topográfica completa | Código de barras | Visto por última vez | Precio de reemplazo | Tipo de ítem Koha |
|---|---|---|---|---|---|---|---|---|---|---|---|---|---|---|---|
| Clasificación Decimal Dewey | Real Academia de la Bellas Artes de San Fernando | Real Academia de la Bellas Artes de San Fernando | Depósito 2 | 29/04/2026 | 48211 | F-16123 | 1097152 | 29/04/2026 | 29/04/2026 | Fondo moderno |